000 00634nam a22001697a 4500
005 20251108172939.0
008 250721s2005 xx 000 0 ara d
082 1 4 _a510.7/دهب
100 1 _aدهبي، نورة
245 1 0 _aالرياضيات : الإقتران الأسي و اللوغاريتمي - الإقتران كثير الحدود - المتسلسلات و المتتاليات - الأعداد المركبة /
264 1 _aعمان :
_bدار صفاء للنشر و التوزيع،
_c2005.
300 _a175 ص
650 1 7 _aالرياضيات
650 1 7 _aالتدريس
942 _2ddc
_cBK
999 _c92499
_d92499